| 000 | 01416nam a2200385Ia 4500 | ||
|---|---|---|---|
| 001 | ebr10722672 | ||
| 003 | CaPaEBR | ||
| 006 | m o u | ||
| 007 | cr cn||||||||| | ||
| 008 | 830701s1982 be a sb 000 0 eng d | ||
| 010 | _z 82177334 | ||
| 020 | _z9064391653 (pbk.) | ||
| 020 | _z9789027271266 | ||
| 020 | _z9789064391651 | ||
| 040 |
_aCaPaEBR _cCaPaEBR |
||
| 035 | _a(OCoLC)849935319 | ||
| 050 | 1 | 4 |
_aPC5207 _b.Q85 1982eb |
| 100 | 1 | _aQuicoli, Antonio Carlos. | |
| 245 | 1 | 4 |
_aThe structure of complementation _h[electronic resource] / _cAntonio Carlos Quicoli. |
| 260 |
_aGhent : _bE. Story-Scientia, _c1982. |
||
| 300 |
_axii, 172 p. : _bill. |
||
| 440 | 0 |
_aSIGLA ; _v3 |
|
| 500 | _aThesis. | ||
| 504 | _aIncludes bibliographical references. | ||
| 533 |
_aElectronic reproduction. _bPalo Alto, Calif. : _cebrary, _d2013. _nAvailable via World Wide Web. _nAccess may be limited to ebrary affiliated libraries. |
||
| 650 | 0 |
_aPortuguese language _xSyntax. |
|
| 650 | 0 |
_aPortuguese language _xGrammar, Generative. |
|
| 650 | 0 |
_aPortuguese language _xAgreement. |
|
| 650 | 0 | _aParecer (The Portuguese word) | |
| 650 | 0 |
_aGreek language _xCase. |
|
| 650 | 0 |
_aGreek language _xAgreement. |
|
| 655 | 7 |
_aElectronic books. _2local |
|
| 710 | 2 | _aebrary, Inc. | |
| 856 | 4 | 0 |
_uhttp://site.ebrary.com/lib/rucke/Doc?id=10722672 _zAn electronic book accessible through the World Wide Web; click to view |
| 999 |
_c39423 _d39423 |
||